000 00355nam a2200157Ia 4500
100 _aJohnsonbaugn/R/ Kalin/ Martin
250 _a3
942 _cBK
654 _aprogramming
245 _aApplications programming In Ansi C
260 _bPrentice Hall
_aNew york
_c1996
082 _a5.13
_bJOH
300 _a875
546 _aENGLISH
999 _c18442
_d18442